| 000 | 00732nam a22002057a 4500 | ||
|---|---|---|---|
| 999 |
_c21176 _d21176 |
||
| 003 | AR-CdUCM | ||
| 008 | 190409b ||||| |||| 00| 0 spa d | ||
| 040 |
_aMUNICIPALIDAD PROVINCIAL DEL CUSCO _cBIBLIOTECA MUNICIPAL DEL CUSCO |
||
| 082 |
_a869.56 / G16 _bG16 |
||
| 100 |
_aGallegos Aragón, César _944256 |
||
| 245 |
_aLas cuatro estaciones : _brelatos no escogidos / _cCésar Gallegos Aragón |
||
| 260 |
_aCusco : _bAlpha, _c2017. |
||
| 300 |
_a80 páginas ; _bilustraciones, _c20 cm. |
||
| 505 | _aContenido: El último paseo -- el vuelo de los pañuelos -- Hora de partir ... | ||
| 650 |
_aLiteratura puneña _944257 |
||
| 650 |
_aLiteratos puneños _944258 |
||
| 650 |
_aSiglo XX _98 |
||
| 942 |
_2ddc _cLIBROS |
||
| 945 | _aRoel | ||